Music Quiz

Random Music or Bands Quiz

Marianas Trench songs Quiz Stats

 Plays Quiz not verified by Sporcle

Support Sporcle.
Go Orange.
Score 0/57 Timer 15:00
0 Plays Today
Album % Correct
Fix Me (B-Side)Fix Me
93.7%
Ever AfterEver After
91.2%
AstoriaAstoria
89.9%
Ever AfterStutter
89.3%
Marianas Trench EPDecided to break it
88.7%
Fix MeDecided to break it
88.7%
Fix MeShake Tramp
88.1%
Masterpiece TheatreAll to Myself
88.1%
Ever AfterFallout
88.1%
Fix MeSay Anything
87.4%
Fix MeSkin & Bones
87.4%
Masterpiece TheatreGood to you
87.4%
Masterpiece TheatreMasterpiece Theatre l
86.8%
Masterpiece TheatreCross My Heart
86.8%
Masterpiece TheatreMasterpiece Theatre 3
86.8%
Masterpiece TheatreMasterpiece Theatre 2
86.8%
Masterpiece TheatreCelebrity Status
86.2%
Ever AfterHaven't Had Enough
86.2%
Ever AfterDesperate Measures
86.2%
Fix MeLow
85.5%
Masterpiece TheatreBeside You
85.5%
Ever AfterNo Place Like Home
85.5%
Ever AfterBy Now
84.9%
AstoriaYesterday
84.9%
Marianas Trench EPPush
84.3%
Fix MePush
84.3%
AstoriaOne Love
84.3%
Something Old/Something NewPop 101
84.3%
Marianas Trench EPSicker Things
83.6%
Album % Correct
Fix MeSeptember
83.6%
Fix MeAlibis
83.6%
Masterpiece TheatreAcadia
83.6%
Ever AfterTruth or Dare
83.6%
AstoriaDearly Departed
83.6%
Something Old/Something NewSicker Things
83.6%
Ever AfterPorcelain
83%
Ever AfterToy Soldiers
83%
AstoriaBurning Up
83%
AstoriaThis Means War
83%
AstoriaEnd of an Era
83%
Masterpiece TheatrePerfect
82.4%
Ever AfterSo Soon
82.4%
Masterpiece TheatreLover Dearest
82.4%
Fix MeVertigo
81.8%
Something Old/Something NewHere's to the Zero's
81.8%
AstoriaWho do you love
81.1%
AstoriaWildfire
81.1%
AstoriaShut up and Kiss me
80.5%
Masterpiece TheatreSing Sing
79.9%
Ever AfterB-Team
79.9%
Marianas Trench EPFar From Here
78%
Fix MeFar From Here
78%
AstoriaWhile We're Young
78%
Fix MeAlive Again
76.7%
AstoriaForget Me Not
76.7%
Something Old/Something NewPrimetime
76.1%
Marianas Trench EPFeeling Small
69.2%

You're not logged in!

Compare scores with friends on all Sporcle quizzes.
OR
Log In

From the Vault

Movie Character Blitz IX

by Thebiguglyalien

Oooh, that's a bingo! Is that the way you say it?
Remove Ads.
Support Sporcle.
Get the best of Sporcle when you Go Orange. This ad-free experience offers more features, more stats, and more fun while also helping to support Sporcle. Thank you for becoming a member.

Show Comments

Extras

Top Quizzes Today


Score Distribution

Your Account Isn't Verified!

In order to create a playlist on Sporcle, you need to verify the email address you used during registration. Go to your Sporcle Settings to finish the process.

Report this User

Report this user for behavior that violates our Community Guidelines.

Details: